00566nam a2200181 u 450000100100000000500170001000800410002704100100006808200190007810000140009724500740011125000120018526000460019730000250024365000360026865000350030465000450033900005527120200120223038.0110301s1981 ag g fr 000 0 spa d0 a* spa04a786.2bW652211 aWolff, B.13aEl pequeño pischna :bejercicios técnicos para piano /cB. Wolff. a1a. ed. aBuenos Aires :bRicordi Americana,c1981. a1 partitura (39 p.).14aMúsica para pianovPartituras24aPianoxEnseñanzavPartituras24aPianoxEstudios y ejerciciosvPartituras